Mujeres género e historia en América Central durante los siglos XVIII, XIX y XX /

محفوظ في:
التفاصيل البيبلوغرافية
المؤلف الرئيسي: Rodríguez Sáenz, Eugenia
مؤلفون مشاركون: Universidad de Costa Rica. Centro de Investigación en Estudios de la Mujer, Universidad de Costa Rica. Escuela de Historia
مؤلفون آخرون: ed.
التنسيق: نص
منشور في: San José: UNIFEM. Oficina Regional de México, Centroamérica, Cuba y república Dominicana. Plumsock Mesoamerican Studies
الموضوعات:
الوسوم: إضافة وسم
لا توجد وسوم, كن أول من يضع وسما على هذه التسجيلة!

MARC

LEADER 00000 a a2200000 04500
001 28361
003
040
020 |a 9977-965-74-9  
090 |a 188301  
100 |a Rodríguez Sáenz, Eugenia  
110 |a Universidad de Costa Rica. Centro de Investigación en Estudios de la Mujer  
245 |a Mujeres género e historia en América Central durante los siglos XVIII, XIX y XX /  |c Universidad de Costa Rica. Centro de Investigación en Estudios de la Mujer  
260 |a San José:   |b UNIFEM. Oficina Regional de México,   |c Centroamérica, Cuba y república Dominicana. Plumsock Mesoamerican Studies  
300 |a 221 p  
650 |a MUJERES  
650 |a BEBIDAS ALCOHOLICAS  
650 |a DELITOS  
650 |a ROLES DE LOS GENEROS  
650 |a GUATEMALTECOS  
650 |a HISTORIA SOCIAL  
700 |a ed.  
710 |a Universidad de Costa Rica. Escuela de Historia  
999 |c 1459  |d 1459